000
00341nam a2200145Ia 4500
008
230718s9999 xx 000 0 und d
041
_a
Eng.
082
_a
34505
_b
AWA-T
100
_a
Awan, M. Rashid
245
4
_a
The Provincial Small Cause
260
_a
Pakistan
_b
Lahore law times
_c
1980
300
_a
104
650
_a
Law
999
_c
28340
_d
28340